[Event "Main Vogelsberg op 17th"]
[Site "Waechtersbach"]
[Date "2023.10.02"]
[Round "7"]
[White "Hochmuth, Lukas"]
[Black "Skowronek, Felix"]
[Result "1-0"]
[WhiteElo "1350"]
[BlackElo "1099"]
[PlyCount "65"]
[EventDate "2023.09.30"]
[EventType "swiss"]
[EventRounds "7"]
[EventCountry "GER"]
[SourceTitle "EXT 2025"]
[Source "ChessBase"]
[SourceDate "2024.10.14"]
[SourceVersion "1"]
[SourceVersionDate "2024.10.14"]
[SourceQuality "1"]
[WhiteTeam "SC Bad Nauheim"]
[BlackTeam "SV Weidenau/Geisweid eV"]

1. e4 c6 2. d4 d5 3. Nc3 dxe4 4. Nxe4 Bf5 5. Ng3 Bg6 6. Nf3 Nf6 7. h4 h6 8. Ne5 Bh7 9. Bc4 e6 10. Nh5 g6 11. Nxf6+ Qxf6 12. Qf3 Qxf3 13. Nxf3 Bg7 14. c3 Nd7 15. 0-0 0-0 16. Re1 Rfe8 17. Bf4 b5 18. Bb3 c5 19. Rad1 c4 20. Bc2 a5 21. Be4 Ra7 22. a3 Bf8 23. Ra1 f5 24. Bc6 Rd8 25. Rxe6 Nb6 26. Bxb5 Rb7 27. Ba6 Rdb8 28. Bxb8 Rxb8 29. Rae1 Na4 30. Bxc4 Nxb2 31. Re8+ Nxc4 32. Rxb8 Nxa3 33. Ree8 1-0

[Event "Main Vogelsberg op 17th"]
[Site "Waechtersbach"]
[Date "2023.10.02"]
[Round "6"]
[White "Skowronek, Felix"]
[Black "Koenigs, Paul"]
[Result "0-1"]
[WhiteElo "1099"]
[BlackElo "1561"]
[PlyCount "72"]
[EventDate "2023.09.30"]
[EventType "swiss"]
[EventRounds "7"]
[EventCountry "GER"]
[SourceTitle "EXT 2025"]
[Source "ChessBase"]
[SourceDate "2024.10.14"]
[SourceVersion "1"]
[SourceVersionDate "2024.10.14"]
[SourceQuality "1"]
[WhiteTeam "SV Weidenau/Geisweid eV"]
[BlackTeam "SF Erkelenz 1959 eV"]

1. Nf3 d6 2. d4 Nf6 3. Bg5 Nbd7 4. e3 h6 5. Bh4 c5 6. d5 Qa5+ 7. Qd2 Qxd2+ 8. Nbxd2 Nxd5 9. e4 Nb4 10. Kd1 g5 11. Bg3 Bg7 12. c3 Nc6 13. Bc4 a6 14. a4 Nb6 15. Re1 Nxc4 16. Nxc4 Be6 17. Ne3 0-0 18. Nd5 Bg4 19. Re3 Rfd8 20. h3 Bh5 21. Rb1 e6 22. Nb6 Rab8 23. Kc2 Ne5 24. Nxe5 dxe5 25. Nc4 f6 26. Rd3 Bg6 27. Rxd8+ Rxd8 28. f3 f5 29. Nxe5 Bxe5 30. Bxe5 fxe4 31. Kb3 exf3 32. gxf3 Bxb1 33. Bc7 Rc8 34. Bb6 Kf7 35. Kc4 Kf6 36. Bxc5 b6 0-1